[Event "31st ECC Women 2015"]
[Site "Skopje MKD"]
[Date "2015.10.23"]
[Round "6.4"]
[Board "2"]
[White "Popova, Natalija"]
[Black "Yakovleva, Tatiana"]
[Result "1/2-1/2"]
[WhiteTitle "WIM"]
[WhiteElo "2257"]
[BlackElo "1966"]
[WhiteTeam "BOSSA NOVA (BLR)"]
[BlackTeam "HEZLIYA CHESS CLUB (ISR)"]
[WhiteFideId "13500295"]
[BlackFideId "2802449"]
[EventDate "2015.10.18"]
[EventType "team"]

1. e4 c6 2. d4 d5 3. Nc3 dxe4 4. Nxe4 Bf5 5. Ng3 Bg6 6. h4 h6 7. Nf3 e6 8. Ne5
Bh7 9. Qh5 Qc7 10. Bc4 Nf6 11. Qe2 Nd5 12. O-O Nd7 13. Bd2 N7f6 14. Bb3 Bd6 15.
c4 Ne7 16. Bc3 O-O 17. Rfe1 a5 18. Rad1 a4 19. Bc2 Bxc2 20. Qxc2 b5 21. c5 Bxe5
22. dxe5 Nfd5 23. Bd4 Qd8 24. Qe4 Ng6 25. h5 Nge7 26. Qg4 Kh7 27. Qf3 Qd7 28.
Ne4 Nf5 29. g4 Nxd4 30. Rxd4 Qe7 31. Qg3 f5 32. exf6 gxf6 33. Nd6 f5 34. Nxf5
Qf6 35. Rxd5 cxd5 36. Nd6 b4 37. c6 Ra7 38. c7 Raa8 39. Qd3+ Kg8 40. Qc2 Qf4 41.
Qc5 Qxg4+ 42. Kf1 Qh3+ 43. Ke2 Qxh5+ 44. Kd2 Qg5+ 45. Kd1 Qg4+ 46. Re2 Qg1+ 47.
Kd2 Qg5+ 48. Kd1 Qg1+ 49. Kd2 Qg5+ 50. Kd1 Qg1+ 1/2-1/2

[Event "31st ECC Women 2015"]
[Site "Skopje MKD"]
[Date "2015.10.23"]
[Round "6.4"]
[Board "3"]
[White "Haitovich, Avital"]
[Black "Bogdan, Ekaterina"]
[Result "1-0"]
[WhiteElo "1929"]
[BlackElo "2064"]
[WhiteTeam "HEZLIYA CHESS CLUB (ISR)"]
[BlackTeam "BOSSA NOVA (BLR)"]
[WhiteFideId "2800306"]
[BlackFideId "13502638"]
[EventDate "2015.10.18"]
[EventType "team"]

1. e4 e6 2. d4 d5 3. Nc3 Bb4 4. e5 c5 5. a3 Bxc3+ 6. bxc3 Qc7 7. Qg4 Ne7 8. Qxg7
Rg8 9. Qxh7 cxd4 10. Ne2 Nbc6 11. f4 Bd7 12. Qd3 dxc3 13. Rb1 O-O-O 14. Nxc3 a6
15. Qxa6 Nb8 16. Qd3 Nf5 17. Bd2 Qc5 18. Nb5 d4 19. Qc4 Na6 20. Ba5 Qxc4 21.
Bxc4 Rxg2 22. Na7+ Kb8 23. Bxd8 Kxa7 24. Bb6+ Ka8 25. Bd3 Bc6 26. Bxf5 exf5 27.
Bxd4 Bf3 28. Rg1 Re2+ 29. Kf1 Kb8 30. Rg3 Bh5 31. Rh3 Bg4 32. Rh8+ Kc7 33. h3
Bf3 34. Rb3 Rd2 35. Rxf3 Rxd4 36. Rh7 Nc5 37. Rxf7+ Kc6 38. Rxf5 Ne4 39. Re3 Kd7
40. Rf7+ Ke6 41. Rxb7 Kf5 42. Rb4 Nd2+ 43. Ke2 Rd5 44. Rd3 Ne4 45. Rxe4 1-0

[Event "31st ECC Women 2015"]
[Site "Skopje MKD"]
[Date "2015.10.23"]
[Round "6.4"]
[Board "4"]
[White "Kaliadzich, Maryia"]
[Black "Lian, Marina"]
[Result "1-0"]
[WhiteElo "2096"]
[BlackElo "1858"]
[WhiteTeam "BOSSA NOVA (BLR)"]
[BlackTeam "HEZLIYA CHESS CLUB (ISR)"]
[WhiteFideId "13500015"]
[BlackFideId "2809680"]
[EventDate "2015.10.18"]
[EventType "team"]

1. d4 Nf6 2. Nf3 e6 3. e3 c5 4. Bd3 d6 5. O-O Nbd7 6. c4 Be7 7. Nc3 O-O 8. b3 a6
9. Bb2 Re8 10. Qc2 Bf8 11. Rad1 Qc7 12. Ng5 h6 13. Bh7+ 1-0

[Event "31st ECC Women 2015"]
[Site "Skopje MKD"]
[Date "2015.10.23"]
[Round "6.5"]
[Board "2"]
[White "De Jong-Muhren, Bianca"]
[Black "Girya, Olga"]
[Result "1/2-1/2"]
[WhiteTitle "WGM"]
[BlackTitle "WGM"]
[WhiteElo "2300"]
[BlackElo "2464"]
[WhiteTeam "DE STUKKENJAGERS (NED)"]
[BlackTeam "SHSM LEGACY SQUARE (RUS)"]
[WhiteFideId "1008498"]
[BlackFideId "4195752"]
[EventDate "2015.10.18"]
[EventType "team"]

1. e4 c6 2. d4 d5 3. Nc3 dxe4 4. Nxe4 Bf5 5. Ng3 Bg6 6. Nh3 e6 7. Nf4 Qh4 8. Be3
Nf6 9. Qd2 Be7 10. Nxg6 hxg6 11. Bg5 Ne4 12. Bxh4 Nxd2 13. Bxe7 Nxf1 14. Bd6
Nxg3 15. Bxg3 Nd7 16. O-O-O Nf6 17. f3 O-O-O 18. Be5 Rh4 19. c3 Nd7 20. Bg3 Rh5
21. Rhe1 b5 22. Re2 Rd5 23. Bh4 Rh8 24. Bg3 Rd8 25. Bh4 Rh8 26. Bg3 Kd8 27. Kc2
Ke7 28. h3 Rc8 29. Bh4+ g5 30. Bf2 Nb6 31. Bg3 Nc4 32. b3 Nb6 33. Bf2 Rcd8 34.
Rde1 R8d7 35. Bg1 Rf5 36. Re5 Rd5 37. R5e4 Rd8 38. Re5 g6 39. Be3 f6 40. Re4 Kf7
41. Bc1 Re8 42. Ba3 Rd5 43. Rh1 Rh8 44. Rhe1 Re8 45. Rh1 Rh8 46. Rhe1 Re8 47.
Rh1 1/2-1/2

[Event "31st ECC Women 2015"]
[Site "Skopje MKD"]
[Date "2015.10.23"]
[Round "6.5"]
[Board "3"]
[White "Kovalevskaya, Ekaterina"]
[Black "Lanchava, Tea"]
[Result "1-0"]
[WhiteTitle "IM"]
[BlackTitle "IM"]
[WhiteElo "2462"]
[BlackElo "2276"]
[WhiteTeam "SHSM LEGACY SQUARE (RUS)"]
[BlackTeam "DE STUKKENJAGERS (NED)"]
[WhiteFideId "4116704"]
[BlackFideId "1005308"]
[EventDate "2015.10.18"]
[EventType "team"]

1. e4 g6 2. d4 Bg7 3. Nc3 a6 4. Nf3 b5 5. Bd3 Bb7 6. O-O d6 7. a4 b4 8. Nd5 a5
9. Bg5 h6 10. Bh4 g5 11. Bg3 e6 12. Ne3 Ne7 13. c3 bxc3 14. bxc3 O-O 15. h4 Ng6
16. hxg5 hxg5 17. e5 Nf4 18. Bxf4 gxf4 19. Ng4 f5 20. exf6 Bxf6 21. Re1 Qd7 22.
Rb1 Bc6 23. Qe2 Kg7 24. Bb5 Kf7 25. Qd2 Kg8 26. Qxf4 Qg7 27. Rxe6 Be5 28. Qg5
Qxg5 29. Nxg5 Bf4 30. Rg6+ Kh8 31. Bxc6 Nxc6 32. Ne6 Rf7 33. Rb5 Bd2 34. Nf6 Ne5
35. dxe5 c6 36. Rb2 Bxc3 37. Rh6+ 1-0

[Event "31st ECC Women 2015"]
[Site "Skopje MKD"]
[Date "2015.10.23"]
[Round "6.5"]
[Board "4"]
[White "Jap Tjoen San, Linda"]
[Black "Kashlinskaya, Alina"]
[Result "0-1"]
[WhiteTitle "WIM"]
[BlackTitle "IM"]
[WhiteElo "2183"]
[BlackElo "2448"]
[WhiteTeam "DE STUKKENJAGERS (NED)"]
[BlackTeam "SHSM LEGACY SQUARE (RUS)"]
[WhiteFideId "1004026"]
[BlackFideId "4198026"]
[EventDate "2015.10.18"]
[EventType "team"]

1. e4 e6 2. d4 d5 3. e5 c5 4. c3 Nc6 5. Nf3 Bd7 6. a3 c4 7. Nbd2 Na5 8. Rb1 Ne7
9. h4 Bc6 10. h5 h6 11. Qe2 Ba4 12. g4 Qd7 13. Bg2 O-O-O 14. Nf1 Kb8 15. Bf4 Nc8
16. Ne3 Ka8 17. Bg3 Nb6 18. Nh4 g6 19. f4 gxh5 20. gxh5 Be7 21. Kf2 Rdg8 22. Bf3
Rh7 23. Rh3 Qd8 24. Nhg2 f6 25. exf6 Bxf6 26. Ng4 Bg7 27. Re1 Qf8 28. Nh4 Be8
29. Ne5 Bxe5 30. Qxe5 Nc6 31. Qe2 Rhg7 32. f5 exf5 33. Qxe8+ Qxe8 34. Rxe8+ Rxe8
35. Nxf5 Rh7 36. Bh4 Rf8 37. Ne3 Nd8 38. Bxd8 Rxd8 39. Rg3 Kb8 40. Ke2 Rd6 41.
Rg8+ Kc7 42. Rf8 Re7 43. Kd2 Rde6 44. Nf5 Rh7 45. Ne3 Rd6 46. Rf5 Rhd7 47. Kc2
Rg7 48. a4 a5 49. b3 Re6 50. Ng4 cxb3+ 51. Kxb3 Kb8 52. Rf4 Ka7 53. Ne5 Nd7 54.
Bxd5 Rb6+ 0-1

[Event "31st ECC Women 2015"]
[Site "Skopje MKD"]
[Date "2015.10.23"]
[Round "6.6"]
[Board "1"]
[White "Socko, Monika"]
[Black "Dolzhikova, Olga"]
[Result "1-0"]
[WhiteTitle "GM"]
[BlackTitle "WGM"]
[WhiteElo "2443"]
[BlackElo "2143"]
[WhiteTeam "ASD CIRCOLO SCACCHI R.FISCHER CHIETI (IT"]
[BlackTeam "OSLO SCHAKSELSKAP (NOR)"]
[WhiteFideId "1106619"]
[BlackFideId "14105870"]
[EventDate "2015.10.18"]
[EventType "team"]

1. d4 Nf6 2. c4 e6 3. Nf3 Bb4+ 4. Bd2 Qe7 5. g3 b6 6. Bg2 Bb7 7. O-O Bxd2 8.
Nbxd2 d6 9. Qc2 c5 10. e4 e5 11. d5 O-O 12. Ne1 Nbd7 13. Nd3 h5 14. Rae1 h4 15.
gxh4 Nh5 16. Nf3 g6 17. Qc1 Kg7 18. Ng5 Rh8 19. f4 exf4 20. Nxf4 Ne5 21. Qc3
Nxf4 22. Rxf4 Kg8 23. Ref1 Rf8 24. Qg3 Bc8 25. h5 Rxh5 26. Nxf7 Rxf7 27. Rxf7
Qxf7 28. Rxf7 Kxf7 29. Qa3 Nxc4 30. Qxa7+ Kf6 31. Qc7 1-0

[Event "31st ECC Women 2015"]
[Site "Skopje MKD"]
[Date "2015.10.23"]
[Round "6.6"]
[Board "2"]
[White "Reppen, Ellisiv"]
[Black "Zimina, Olga"]
[Result "0-1"]
[BlackTitle "IM"]
[WhiteElo "2050"]
[BlackElo "2378"]
[WhiteTeam "OSLO SCHAKSELSKAP (NOR)"]
[BlackTeam "ASD CIRCOLO SCACCHI R.FISCHER CHIETI (IT"]
[WhiteFideId "1504959"]
[BlackFideId "4132190"]
[EventDate "2015.10.18"]
[EventType "team"]

1. e4 e5 2. Nf3 Nc6 3. Bb5 Nf6 4. O-O Nxe4 5. d4 Nd6 6. Bxc6 dxc6 7. dxe5 Nf5 8.
Qxd8+ Kxd8 9. Bg5+ Ke8 10. Nc3 h6 11. Bd2 Be6 12. Rad1 Rd8 13. Bc1 Bb4 14. Rxd8+
Kxd8 15. Rd1+ Kc8 16. a3 Bxc3 17. bxc3 c5 18. h3 Ne7 19. Kf1 Bc4+ 20. Ke1 Re8
21. Be3 b6 22. Nd2 Bd5 23. g4 Ng6 24. c4 Bc6 25. f4 f6 26. exf6 Nxf4 27. f7
Rxe3+ 28. Kf1 Ng6 29. Re1 Rxe1+ 30. Kxe1 Kd7 31. Kf2 Ke7 0-1

[Event "31st ECC Women 2015"]
[Site "Skopje MKD"]
[Date "2015.10.23"]
[Round "6.6"]
[Board "3"]
[White "Gueci, Laura"]
[Black "Johnsen, Sylvia"]
[Result "0-1"]
[BlackTitle "WFM"]
[WhiteElo "2023"]
[BlackElo "1999"]
[WhiteTeam "ASD CIRCOLO SCACCHI R.FISCHER CHIETI (IT"]
[BlackTeam "OSLO SCHAKSELSKAP (NOR)"]
[WhiteFideId "851159"]
[BlackFideId "1500988"]
[EventDate "2015.10.18"]
[EventType "team"]

1. c4 c5 2. Nc3 Nf6 3. g3 d5 4. cxd5 Nxd5 5. Bg2 Nc7 6. e3 Nc6 7. Nge2 e5 8. O-O
Be7 9. f4 exf4 10. Nxf4 O-O 11. Ncd5 Bd6 12. Qh5 Ne5 13. Qd1 c4 14. b3 Ne6 15.
bxc4 Nxc4 16. Qc2 Ne5 17. Bb2 Nxf4 18. exf4 Nc6 19. d4 Be6 20. Ne3 Qb6 21. Rfd1
Nb4 22. Qe2 Rae8 23. Qf2 f6 24. Bc3 Qc7 25. Bxb4 Bxb4 26. f5 Bf7 27. Rab1 a5 28.
Nd5 Bxd5 29. Bxd5+ Kh8 30. Be6 b6 31. Rbc1 Qb7 32. Qf4 Re7 33. Rc2 Ba3 34. Rd3
Bb4 35. a3 g5 36. Qc1 Bd6 37. Rc6 Rd8 38. Rdc3 Kg7 39. Rc8 Rxc8 40. Rxc8 Qe4 41.
Qc3 b5 42. Qd2 Bxa3 43. Qxa5 Qxd4+ 44. Kg2 Bc5 45. Rxc5 Qxc5 46. Qd8 Ra7 47. Qd1
b4 48. h4 Qc6+ 49. Kh2 Qc3 50. hxg5 fxg5 51. Qd8 Qf6 52. Qb8 Ra1 53. Qb7+ Kh8
54. Qb8+ Kg7 55. Qb7+ Kh6 56. Qxb4 Rc1 57. Qd2 Qc3 58. Qxc3 Rxc3 59. Kh3 Rf3 60.
Kg4 Rf2 61. Bd5 Rd2 62. Be6 Rd4+ 63. Kh3 Kg7 64. g4 Kf6 65. Bg8 h6 66. Kg3 Ke5
67. Be6 Rd8 68. Kf3 Rd4 69. Bf7 Rd3+ 70. Ke2 Ra3 71. Be6 Rg3 0-1

[Event "31st ECC Women 2015"]
[Site "Skopje MKD"]
[Date "2015.10.23"]
[Round "6.6"]
[Board "4"]
[White "Tangelder, Yonne"]
[Black "Di Primio, Eugenia"]
[Result "1/2-1/2"]
[WhiteElo "1904"]
[BlackElo "1948"]
[WhiteTeam "OSLO SCHAKSELSKAP (NOR)"]
[BlackTeam "ASD CIRCOLO SCACCHI R.FISCHER CHIETI (IT"]
[WhiteFideId "1513575"]
[BlackFideId "821942"]
[EventDate "2015.10.18"]
[EventType "team"]

1. e4 e5 2. Nf3 Nc6 3. Nc3 Bb4 4. Bb5 Nf6 5. O-O d6 6. d3 h6 7. h3 O-O 8. a3 Bc5
9. Na4 Bb6 10. Nxb6 axb6 11. Re1 Ne7 12. d4 Ng6 13. Bd2 Qe7 14. Bf1 Nh7 15. Bc3
Ng5 16. dxe5 dxe5 17. Bb4 c5 18. Bd2 Rd8 19. Nxg5 hxg5 20. Qe2 Be6 21. Rad1 Nf4
22. Qf3 Qf6 23. Kh2 g4 24. Qe3 gxh3 25. g3 Nh5 26. Bxh3 Bxh3 27. Kxh3 Qe6+ 28.
Kg2 Nf6 29. Bc3 Ng4 30. Qg5 f6 31. Qg6 Nh6 32. Rh1 Kf8 33. Bd2 Ng8 34. Be3 Qf7
35. Qf5 Ke7 36. Qg4 Rxd1 37. Rxd1 Rd8 38. Rxd8 Kxd8 39. Qd1+ Kc7 40. Qd5 Qxd5
41. exd5 c4 42. Kf3 Ne7 43. d6+ Kxd6 44. Bxb6 Nd5 45. Ba5 f5 46. Bd2 Kc5 47. Ke2
g6 48. Bh6 e4 49. Bf8+ Kb5 50. Bh6 Ka4 51. Bf8 Kb5 52. Bh6 Ka4 53. Bf8 b6 54.
Bd6 Kb5 55. Bf8 Ka4 56. Bd6 Ka5 57. Bf8 Kb5 58. Bh6 Kc5 59. Bf8+ Kb5 60. Bh6 Ka4
61. Bf8 1/2-1/2

[Event "31st ECC Women 2015"]
[Site "Skopje MKD"]
[Date "2015.10.24"]
[Round "7.1"]
[Board "3"]
[White "Javakhishvili, Lela"]
[Black "Bogdan, Ekaterina"]
[Result "1-0"]
[WhiteTitle "IM"]
[WhiteElo "2463"]
[BlackElo "2064"]
[WhiteTeam "NONA (GEO)"]
[BlackTeam "BOSSA NOVA (BLR)"]
[WhiteFideId "13601458"]
[BlackFideId "13502638"]
[EventDate "2015.10.18"]

1. d4 d5 2. c4 dxc4 3. Nf3 Nf6 4. Nc3 a6 5. e4 b5 6. e5 Nd5 7. a4 Nxc3 8. bxc3
Qd5 9. g3 Bb7 10. Bg2 Qd7 11. Ba3 g6 12. O-O Bg7 13. Re1 O-O 14. e6 fxe6 15. Ne5
Qc8 16. Bh3 Bd5 17. Bxe7 Re8 18. Bg5 Nd7 19. Ng4 Qb7 20. Qd2 h5 21. Ne3 Bf3 22.
Ng2 Bg4 23. Bxg4 hxg4 24. Qf4 c5 25. Qxg4 cxd4 26. cxd4 b4 27. Nf4 Nf8 28. Rac1
Qc8 29. Nd3 a5 30. Nc5 c3 31. Qe4 Ra7 32. h4 Qa8 33. d5 Rc7 34. Nxe6 Nxe6 35.
Qxg6 b3 36. dxe6 b2 37. Rxc3 Rxc3 38. Qf7+ Kh8 39. Bf6 Bxf6 40. Qxf6+ Kh7 41.
Qxc3 Rxe6 42. Qc2+ 1-0

[Event "31st ECC Women 2015"]
[Site "Skopje MKD"]
[Date "2015.10.24"]
[Round "7.1"]
[Board "4"]
[White "Kaliadzich, Maryia"]
[Black "Mikadze, Miranda"]
[Result "1/2-1/2"]
[BlackTitle "WIM"]
[WhiteElo "2096"]
[BlackElo "2245"]
[WhiteTeam "BOSSA NOVA (BLR)"]
[BlackTeam "NONA (GEO)"]
[WhiteFideId "13500015"]
[BlackFideId "13603108"]
[EventDate "2015.10.18"]

1. c4 c6 2. Nf3 d5 3. e3 Nf6 4. Nc3 Bf5 5. cxd5 Nxd5 6. Qb3 Qb6 7. Nxd5 Qxb3 8.
axb3 cxd5 9. d4 Nc6 10. Bd2 e6 11. Bb5 Bd6 12. O-O Kd7 13. Rfc1 Rhc8 14. h3 a6
15. Be2 h6 16. Bc3 f6 17. g4 Bg6 18. Ne1 Na7 19. Kg2 Nb5 20. f3 e5 21. dxe5 Nxc3
22. bxc3 Bxe5 23. Ra5 Rxc3 24. Rxd5+ Kc6 25. Rdd1 Kb6 26. f4 Rxc1 27. Rxc1 Bb2
28. Rd1 Rc8 29. Bf3 Rc1 30. f5 Rxd1 31. Bxd1 Bf7 32. Kf3 Kb5 33. Nd3 Ba3 34. Nf4
Bd6 35. Ne6 g5 36. Ke4 Be8 37. Kd5 Be5 38. Nd4+ Kb4 39. Ke6 Bb5 40. Nxb5 Kxb5
41. Bf3 b6 42. Kf7 Kc5 43. Kg6 a5 44. Kxh6 b5 45. Bb7 a4 46. bxa4 bxa4 47. Bc8
Kc4 48. Kh5 Kd3 49. h4 gxh4 50. Kxh4 Kxe3 51. g5 fxg5+ 52. Kxg5 a3 1/2-1/2

[Event "31st ECC Women 2015"]
[Site "Skopje MKD"]
[Date "2015.10.24"]
[Round "7.2"]
[Board "3"]
[White "Saduakassova, Dinara"]
[Black "Mkrtchian, Lilit"]
[Result "1/2-1/2"]
[WhiteTitle "WGM"]
[BlackTitle "IM"]
[WhiteElo "2402"]
[BlackElo "2445"]
[WhiteTeam "GAMBIT ASSEKO SEE (MKD)"]
[BlackTeam "UGRA (RUS)"]
[WhiteFideId "13700090"]
[BlackFideId "13300601"]
[EventDate "2015.10.18"]

1. d4 Nf6 2. c4 e6 3. Nc3 Bb4 4. Qc2 d5 5. cxd5 exd5 6. Bg5 h6 7. Bh4 c5 8. dxc5
g5 9. Bg3 Ne4 10. e3 Qa5 11. Rc1 Nc6 12. Bd3 Nxg3 13. hxg3 d4 14. exd4 Nxd4 15.
Qd1 Bxc5 16. Nf3 Bg4 17. O-O Kf8 18. Nb5 Bxf3 19. gxf3 Bb6 20. Nxd4 Bxd4 21. Qb3
Kg7 22. Qxb7 Rab8 23. Qe4 Bxb2 24. Rc6 Qe5 25. Qc4 Bd4 26. Kg2 Rbd8 27. Bg6 Qd5
28. Qc2 Rd6 29. Rxd6 Qxd6 30. Be4 h5 31. Qd2 Qe5 32. Rd1 Rd8 33. Rh1 Rh8 34. Rd1
Rd8 35. Rh1 Rh8 1/2-1/2

[Event "31st ECC Women 2015"]
[Site "Skopje MKD"]
[Date "2015.10.24"]
[Round "7.2"]
[Board "4"]
[White "Kovanova, Baira"]
[Black "Davletbayeva, Madina"]
[Result "1/2-1/2"]
[WhiteTitle "WGM"]
[BlackTitle "WIM"]
[WhiteElo "2376"]
[BlackElo "2257"]
[WhiteTeam "UGRA (RUS)"]
[BlackTeam "GAMBIT ASSEKO SEE (MKD)"]
[WhiteFideId "4164083"]
[BlackFideId "13703595"]
[EventDate "2015.10.18"]

1. e4 e5 2. Nf3 Nc6 3. Bb5 a6 4. Ba4 Nf6 5. O-O Nxe4 6. d4 b5 7. Bb3 d5 8. dxe5
Be6 9. Qe2 Be7 10. Rd1 O-O 11. c4 bxc4 12. Bxc4 Bc5 13. Be3 Bxe3 14. Qxe3 Qb8
15. Bb3 Na5 16. Nbd2 Qa7 17. Nxe4 Qxe3 18. fxe3 Nxb3 19. axb3 dxe4 20. Nd4 c5
21. Nxe6 fxe6 22. Rd6 Rfb8 23. Rxe6 Rxb3 24. Rexa6 Rxa6 25. Rxa6 Rxb2 26. e6 Kf8
27. Ra7 Rb6 28. Rc7 Rxe6 29. Rxc5 Ke7 30. Kf2 Rf6+ 31. Kg3 Rg6+ 32. Kf2 Rf6+ 33.
Kg3 Rg6+ 34. Kf2 Rf6+ 35. Kg3 Rg6+ 1/2-1/2

[Event "31st ECC Women 2015"]
[Site "Skopje MKD"]
[Date "2015.10.24"]
[Round "7.3"]
[Board "3"]
[White "Gueci, Laura"]
[Black "Girya, Olga"]
[Result "0-1"]
[BlackTitle "WGM"]
[WhiteElo "2023"]
[BlackElo "2464"]
[WhiteTeam "ASD CIRCOLO SCACCHI R.FISCHER CHIETI (IT"]
[BlackTeam "SHSM LEGACY SQUARE (RUS)"]
[WhiteFideId "851159"]
[BlackFideId "4195752"]
[EventDate "2015.10.18"]

1. c4 e5 2. g3 Nf6 3. Bg2 Nc6 4. Nc3 Bb4 5. Nd5 Bc5 6. e3 O-O 7. Ne2 d6 8. d4
Bb6 9. h3 Re8 10. O-O h6 11. Nxf6+ Qxf6 12. d5 Ne7 13. Bd2 Qg6 14. Rc1 a5 15.
Qc2 Bf5 16. e4 Bd7 17. Kh2 f5 18. f4 fxe4 19. fxe5 dxe5 20. c5 Ba7 21. Bxa5 b6
22. Bc3 bxc5 23. Qxe4 Qxe4 24. Bxe4 Bb5 25. Rf2 Rad8 26. Bxe5 Nxd5 27. Bxd5+
Rxd5 28. Nc3 c4 29. Nxd5 Bxf2 30. Bxc7 Re2 31. Nc3 Rxb2 32. Rb1 Rxb1 33. Nxb1
Bd4 34. Ba5 Bc6 35. Bc3 Bc5 36. Nd2 Bd5 37. a4 h5 38. h4 Kf7 39. g4 Bd6+ 0-1

[Event "31st ECC Women 2015"]
[Site "Skopje MKD"]
[Date "2015.10.24"]
[Round "7.3"]
[Board "4"]
[White "Kashlinskaya, Alina"]
[Black "Di Primio, Eugenia"]
[Result "1-0"]
[WhiteTitle "IM"]
[WhiteElo "2448"]
[BlackElo "1948"]
[WhiteTeam "SHSM LEGACY SQUARE (RUS)"]
[BlackTeam "ASD CIRCOLO SCACCHI R.FISCHER CHIETI (IT"]
[WhiteFideId "4198026"]
[BlackFideId "821942"]
[EventDate "2015.10.18"]

1. Nf3 f5 2. d3 d6 3. e4 e5 4. Nc3 Nf6 5. exf5 Bxf5 6. d4 e4 7. Nh4 Bg4 8. Be2
Bc8 9. Bh5+ g6 10. Nxg6 hxg6 11. Bxg6+ Kd7 12. Bg5 Bh6 13. Bf5+ Ke8 14. Bxf6
Qxf6 15. Bxc8 Nd7 16. Bxd7+ Kxd7 17. Qg4+ Kd8 18. O-O Bf4 19. h3 c6 20. Nxe4 Qh6
21. Ng3 Bg5 22. Nf5 Qf6 23. Nxd6 Qxd6 24. Qxg5+ Kc7 25. Qe5 Rag8 26. Kh2 Rh4 27.
Qxd6+ Kxd6 28. f4 Ke6 29. g3 1-0